00783nam a2200241Ia 4500008004000000020001800040041000800058082001600066100002300082245004800105260004100153300001300194650000700207650001700214650000900231650001600240650001500256690002800271700002400299906001100323999001900334952018800353210210b2016 xxu||||| |||| 00| 0 eng d a9781452217635 aeng a327.12 LOWF aLOWENTHAL (Mark M) aFive disciplines of intelligence collection aLos AngelesbSage Publicationsc2016 axxvi,232 aof aintelligence aFive adisciplines acollection aInternational Relations aCLARK (Robert M) Ed a070198 c119691d119691 001040708Political ScienceaALbALcPolitical Scienced2021-02-17ePrajwal Book Distributors, Bangalore-560061g4321.80l0o327.12 LOWFp070198r2021-02-17 00:00:00w2021-02-17yBK